Taylor Swift Songs - Sudden Death - Statistics

General Stats
  • This quiz has been taken 313 times
  • The average score is 11 of 15
Answers on the Grid
Answers color-coded by a green-red scale on the quiz's grid according to % correct below.
Tell Me Why
Sugar Crush
Speak Never
I love you, I miss you
Exile
Peace
Blue Skies
Long Story Short
Long Life
The Woman
Maroon
Snow On the Beach
Love On The Brain
Please
Sunrise Boulevard
Mirrorball
Crown
New Romantics
Autumn
A Thousand Wishes
Our Song
Yours, Truly
London Boy
So It Goes...
Sarah
Breathe
Dear Reader
Peter
Willow
Stay For Me
 
Answer Stats
Answer % Correct
Exile
87%
Willow
83%
Snow On the Beach
81%
Our Song
79%
Mirrorball
77%
New Romantics
76%
Maroon
75%
London Boy
73%
Long Story Short
69%
Peter
64%
So It Goes...
64%
Dear Reader
62%
Peace
61%
Breathe
57%
Tell Me Why
56%
No matching quizzes found
Score Distribution
Percent of People with Each Score
Percentile by Number Answered
Your Score History
You have not taken this quiz